Getting in

Bibliographic Details
Main Author: Ashley, Bernard
Other Authors: Lennox, Elsie (illustrated)
Format: Book
Published: Great Britain : Julia MacRae Books , 1990
Series:A Dockside school story
Subjects:

MARC

LEADER 00000cam a2200000 7i4500
001 0000003883
002 000004184
005 20000330.0
020 |a 0862034639 
090 0 0 |a JF   |b ASH 
100 1 |a Ashley, Bernard 
245 1 0 |a Getting in   |c Bernard Ashley ; illustrated by Elsie Lennox 
260 |a Great Britain :   |b Julia MacRae Books ,   |c 1990 
300 |a 44p. :   |b ill. ;   |c 20cm. 
490 0 |a A Dockside school story 
650 0 0 |a Children's stories 
700 1 |a Lennox, Elsie ,   |e illustrated 
999 |a 032598   |b BUKU   |c JUNIOR FICTION   |e PERPUSTAKAAN KOMUNITI PETALING JAYA